Štátna pomoc po vstupe do EÚ

Po vstupe Slovenska do EÚ sa stala legislatíva únie všeobecne záväznou aj pre podmienky SR. Táto skutočnosť sa výrazne dotýka aj oblasti štátnej pomoci. Právny rámec poskytovania štátnej pomoci v SR. Proces poskytovania štátnej pomoci. Poukázanie na viaceré nedostatky poskytovania štátnej pomoci v r...

Descrizione completa

Salvato in:
Dettagli Bibliografici
Autore principale: Šumský, Tibor
Natura: Capitolo di libro
Lingua:slovacco
Soggetti:
Tags: Aggiungi Tag
Nessun Tag, puoi essere il primo ad aggiungerne!!

MARC

LEADER 00000naa$a2200000$$$4500
001 0031459
005 20231004130256.5
041 0 |a slo 
044 |a SK 
245 1 0 |a Štátna pomoc po vstupe do EÚ 
520 |a Po vstupe Slovenska do EÚ sa stala legislatíva únie všeobecne záväznou aj pre podmienky SR. Táto skutočnosť sa výrazne dotýka aj oblasti štátnej pomoci. Právny rámec poskytovania štátnej pomoci v SR. Proces poskytovania štátnej pomoci. Poukázanie na viaceré nedostatky poskytovania štátnej pomoci v rámci súčasne platnej legislatívy. 
610 2 0 |a pomoc štátna 
610 2 0 |a legislatíva 
610 2 0 |a zákony 
610 2 0 |a Slovensko 
610 2 0 |a Európska únia 
100 1 |a Šumský, Tibor